Statistics for Every The Guess Who song that hit the Billboard hot 100

Click here to take the quiz!

General Stats

  • This quiz has been taken 7 times
  • The average score is 6 of 19

Answer Stats

Peak Chart PositionYearSong% Correct
11970American Woman/No Sugar Tonight
100%
61969These Eyes
86%
51970No Time
57%
61974Clap For The Wolfman
57%
101969Laughing
57%
101970Share The Land
57%
221969Undun
43%
171970Hand Me Down World
43%
191971Rain Dance
29%
221965Shakin' All Over
14%
281975Dancin' Fool
14%
291971Albert Flasher/Broken
14%
391974Star Baby
14%
431971Hang On To Your Life
14%
501972Sour Suite
14%
701972Guns, Guns, Guns
14%
471972Heartbroken Bopper
0%
611973Follow Your Daughter Home
0%
961972Runnin' Back To Saskatoon
0%

Score Distribution

Percentile by Number Answered

Percent of People with Each Score

Your Score History

You have not taken this quiz